Manual of capital budgeting (Record no. 501817)

000 -LEADER
fixed length control field 00312cam a22001217a 4500
008 - FIXED-LENGTH DATA ELEMENTS--GENERAL INFORMATION
fixed length control field 180718b1959 xxu||||| |||| 00| 0 eng d
082 ## - DEWEY DECIMAL CLASSIFICATION NUMBER
Classification number L12 Sa19
100 ## - MAIN ENTRY--PERSONAL NAME
Personal name Sahota, G.S.
245 ## - TITLE STATEMENT
Title Manual of capital budgeting
Statement of responsibility, etc. by G.S. Sahota
260 ## - PUBLICATION, DISTRIBUTION, ETC.
Place of publication, distribution, etc. Delhi
Name of publisher, distributor, etc.
Date of publication, distribution, etc. 1959
300 ## - PHYSICAL DESCRIPTION
Extent x, 241p.
650 ## - SUBJECT ADDED ENTRY--TOPICAL TERM
Topical term or geographic name entry element Capital budgeting
Holdings
Withdrawn status Lost status Damaged status Not for loan Permanent Location Current Location Date acquired Full call number Barcode Date last seen Price effective from Koha item type
        Indian Institute of Public Administration Indian Institute of Public Administration 2018-08-04 L12 Sa19 GR7518 2018-08-04 2018-08-04 GR

Powered by Koha